Top 30 największych miast w Polsce (Pomorskie) 2022/2023 - Statystyki

Ogólne statystyki
  • Ten quiz został rozwiązany 77 razy
  • Średni wynik to 22 z 30
Statystyki odpowiedzi
Ludność (31.12.2022 / 01.01.23 Miasto % Poprawnych
486 345 Gdańsk
100%
242 874 Gdynia
100%
32 276 Sopot
95%
52 634 Rumia
93%
57 394 Tczew
91%
46 446 Wejherowo
91%
37 050 Malbork
89%
86 365 Słupsk
89%
38 934 Chojnice
88%
28 506 Reda
88%
23 406 Kościerzyna
84%
45 626 Starogard Gdański
84%
34 157 Lębork
82%
32 031 Pruszcz Gdański
80%
9363 Władysławowo
80%
10 644 Puck
79%
38 179 Kwidzyn
77%
13 960 Kartuzy
73%
9506 Nowy Dwór Gdański
73%
9237 Sztum
73%
16 475 Bytów
68%
13 950 Ustka
66%
13 164 Człuchów
63%
7244 Pelplin
52%
6673 Żukowo
46%
9491 Miastko
45%
6209 Gniew
39%
9924 Czersk
34%
8165 Prabuty
32%
6695 Skarszewy
25%
Nie znaleziono quizów pasujących do podanych kryteriów
Rozkład punktacji
Procent ludzi z każdym wynikiem
Percentyl według liczby udzielonych odpowiedzi
Twoja historia wyników
Nie rozwiązałeś tego quizu